[Event "Mercredi 2016.11.16 ABCD"]
[Site "Montreal CAN"]
[Date "2016.11.30"]
[Round "3"]
[White "Robidoux, Julien"]
[Black "Esterez, Emmanuel"]
[Result "1/2-1/2"]
[WhiteElo "1895"]
[BlackElo "1874"]
[PlyCount "94"]
[EventDate "2016.11.16"]
[EventType "tourn"]
[EventRounds "5"]
[EventCountry "CAN"]

1. e4 c6 2. c4 e5 3. Nf3 d6 4. h3 f5 5. d4 fxe4 6. Nxe5 dxe5 7. Qh5+ Kd7 8.
Qxe5 Bb4+ 9. Nc3 Nf6 10. Bf4 Re8 11. Qg5 Qe7 12. O-O-O Bd6 13. Be3 Qf7 14. Be2
Qg6 15. Qa5 Ke7 16. c5 Bg3 17. fxg3 Qxg3 18. Kd2 Nd5 19. Nxd5+ cxd5 20. Rdf1
Nc6 21. Qc3 Bd7 22. h4 Ke6 23. Bg5 Qxg2 24. Qh3+ Qxh3 25. Rxh3 Ne5 26. dxe5
Kxe5 27. Bf4+ Kd4 28. Be3+ Ke5 29. Rg3 g6 30. h5 Bf5 31. hxg6 hxg6 32. Kc3 b6
33. Bd4+ Ke6 34. b4 bxc5 35. Bxc5 Rh8 36. Kd4 Rh2 37. Ke3 a5 38. b5 Rc8 39. Bd4
Rc2 40. Bd1 Rxa2 41. Kf4 Rad2 42. Be3 Rb2 43. b6 Rb4 44. Bg1 Rhb2 45. Ra3 e3+
46. Kxe3 Rxb6 47. Rxa5 R2b5 1/2-1/2

[Event "Mercredi 2016.11.16 ABCD"]
[Site "Montreal CAN"]
[Date "2016.11.30"]
[Round "3"]
[White "Singher, Jean-Pierre"]
[Black "Johnson-Constantin, Matthieu"]
[Result "1-0"]
[WhiteElo "2021"]
[BlackElo "1914"]
[PlyCount "32"]
[EventDate "2016.11.16"]
[EventType "tourn"]
[EventRounds "5"]
[EventCountry "CAN"]

1. d4 f5 2. c4 Nf6 3. Nc3 g6 4. Qc2 Bg7 5. e4 d6 6. exf5 Bxf5 7. Bd3 Bxd3 8.
Qxd3 Nc6 9. Nf3 Qd7 10. d5 Nb4 11. Qe2 Qg4 12. h3 Qh5 13. a3 Na6 14. Bg5 O-O
15. O-O-O Bh6 16. Qe3 Rae8 1-0

[Event "Mercredi 2016.11.16 ABCD"]
[Site "Montreal CAN"]
[Date "2016.11.30"]
[Round "3"]
[White "Tremblay, Alain"]
[Black "Lopez Linares, Lizandro"]
[Result "1/2-1/2"]
[WhiteElo "2174"]
[BlackElo "2262"]
[PlyCount "60"]
[EventDate "2016.11.16"]
[EventType "tourn"]
[EventRounds "5"]
[EventCountry "CAN"]

1. e4 e6 2. d4 d5 3. Nd2 Nf6 4. e5 Nfd7 5. Bd3 c5 6. c3 Nc6 7. Ne2 cxd4 8. cxd4
f6 9. exf6 Nxf6 10. Nf3 Bd6 11. O-O O-O 12. Bf4 Bxf4 13. Nxf4 Ne4 14. Ne2 Qf6
15. Qc1 e5 16. dxe5 Nxe5 17. Bxe4 dxe4 18. Nxe5 Qxe5 19. Ng3 Be6 20. Re1 Bd5
21. Qc5 Rfe8 22. Re2 Bc6 23. Qc2 Qd5 24. a3 Rad8 25. Rae1 e3 26. f3 h5 27. Rxe3
Rxe3 28. Rxe3 Qg5 29. Kf2 h4 30. Nf5 Kh8 1/2-1/2

[Event "Mercredi 2016.11.16 ABCD"]
[Site "Montreal CAN"]
[Date "2016.12.07"]
[Round "4"]
[White "Brassard, Sylvain"]
[Black "Lessard, Sylvain"]
[Result "1-0"]
[WhiteElo "1824"]
[BlackElo "1785"]
[PlyCount "67"]
[EventDate "2016.11.16"]
[EventType "tourn"]
[EventRounds "5"]
[EventCountry "CAN"]

1. f4 e5 2. fxe5 d6 3. Nf3 dxe5 4. e4 Bc5 5. d3 Nc6 6. Bg5 f6 7. Bh4 Be6 8.
Nbd2 Qd7 9. Nb3 Bb6 10. Qd2 O-O-O 11. Bf2 g5 12. Bxb6 axb6 13. O-O-O g4 14. Ng1
Nge7 15. g3 h5 16. Bg2 h4 17. Ne2 h3 18. Bf1 Bxb3 19. axb3 Rhf8 20. Nc3 Nd4 21.
Be2 b5 22. Rdf1 b4 23. Nd1 Nec6 24. Ne3 Nxe2+ 25. Qxe2 Nd4 26. Qxg4 Qxg4 27.
Nxg4 Rd6 28. Nxe5 Re8 29. Nc4 Rc6 30. Kd2 f5 31. Rf4 b5 32. Ne3 fxe4 33. Rxe4
Rf8 34. Rxd4 1-0

[Event "Mercredi 2016.11.16 ABCD"]
[Site "Montreal CAN"]
[Date "2016.12.07"]
[Round "4"]
[White "Cardin, Guillaume"]
[Black "Nunez, Omar"]
[Result "0-1"]
[WhiteElo "2034"]
[BlackElo "1940"]
[PlyCount "106"]
[EventDate "2016.11.16"]
[EventType "tourn"]
[EventRounds "5"]
[EventCountry "CAN"]

1. d4 c5 2. d5 e5 3. e4 Nf6 4. Nc3 d6 5. Bb5+ Nbd7 6. a4 a6 7. Be2 Be7 8. g4
Nf8 9. g5 N6d7 10. Nf3 Ng6 11. Rg1 Rb8 12. h4 Nf4 13. Bxf4 exf4 14. Qd2 Qa5 15.
Ra3 O-O 16. Qxf4 f5 17. Bd3 c4 18. Bxc4 Nb6 19. Bb3 fxe4 20. Qxe4 Bf5 21. Qd4
Nd7 22. h5 Rbe8 23. Kd1 Qc5 24. Qxc5 Nxc5 25. Nd4 Nxb3 26. Rxb3 Bc8 27. Ne4 Rf4
28. Re3 Bd7 29. a5 Bxg5 30. Rxg5 Rexe4 31. Rxe4 Rxe4 32. c3 Rg4 33. Rxg4 Bxg4+
34. f3 Bxh5 35. Ke2 Bf7 36. c4 g6 37. b4 Kf8 38. Ke3 Ke7 39. Kf4 Kf6 40. b5 g5+
41. Ke3 axb5 42. Nxb5 Ke5 43. Na7 Be8 44. Nc8 h5 45. Kf2 Bd7 46. Nb6 Bf5 47.
Na4 Kd4 48. Nb6 Kc5 49. f4 g4 50. Kg3 Kb4 51. Kh4 Kxa5 52. c5 Kb5 53. c6 Kxb6
0-1

[Event "Mercredi 2016.11.16 ABCD"]
[Site "Montreal CAN"]
[Date "2016.12.07"]
[Round "4"]
[White "Destree, Frederic"]
[Black "Robidoux, Julien"]
[Result "1-0"]
[WhiteElo "1910"]
[BlackElo "1895"]
[PlyCount "43"]
[EventDate "2016.11.16"]
[EventType "tourn"]
[EventRounds "5"]
[EventCountry "CAN"]

1. Nf3 h6 2. g3 g5 3. d3 g4 4. Nfd2 e5 5. e4 Nf6 6. Nc4 d5 7. exd5 Qxd5 8. Rg1
Nc6 9. Nc3 Bb4 10. Bd2 Bxc3 11. Bxc3 Bf5 12. Bg2 Be4 13. Ne3 Qe6 14. dxe4 Rd8
15. Nd5 Kf8 16. Qe2 Ne8 17. O-O-O Rd7 18. f4 h5 19. Rgf1 Nd6 20. fxe5 Nxe5 21.
Rf6 Qe8 22. Nxc7 1-0

[Event "Mercredi 2016.11.16 ABCD"]
[Site "Montreal CAN"]
[Date "2016.12.07"]
[Round "4"]
[White "Fortin-Lavoie, Patrice"]
[Black "Dumouchel, Alain"]
[Result "0-1"]
[WhiteElo "1783"]
[BlackElo "1783"]
[PlyCount "66"]
[EventDate "2016.11.16"]
[EventType "tourn"]
[EventRounds "5"]
[EventCountry "CAN"]

1. Nf3 Nf6 2. g3 g6 3. Bg2 Bg7 4. O-O O-O 5. c4 d6 6. Nc3 Nc6 7. d3 a6 8. Bg5
Rb8 9. Qd2 Re8 10. Rac1 Be6 11. Bh6 Bh8 12. Ng5 Bd7 13. Nd5 e6 14. Ne3 Nd4 15.
Nf3 Nxf3+ 16. exf3 e5 17. c5 dxc5 18. Bg5 b6 19. b4 cxb4 20. Qxb4 Qc8 21. Qh4
Re6 22. Rfe1 c5 23. Nc4 Ne8 24. Bh3 f5 25. f4 Bb5 26. Bg2 Bc6 27. Nxe5 Bxe5 28.
Rxe5 Bxg2 29. Kxg2 Rxe5 30. fxe5 Qe6 31. d4 c4 32. Qf4 c3 33. Qe3 Nc7 0-1

[Event "Mercredi 2016.11.16 ABCD"]
[Site "Montreal CAN"]
[Date "2016.12.07"]
[Round "4"]
[White "Johnson-Constantin, Matthieu"]
[Black "Have, Didier"]
[Result "0-1"]
[WhiteElo "1914"]
[BlackElo "1939"]
[PlyCount "66"]
[EventDate "2016.11.16"]
[EventType "tourn"]
[EventRounds "5"]
[EventCountry "CAN"]

1. e4 d6 2. Bc4 Nf6 3. d3 e5 4. h3 c6 5. Nf3 h6 6. Nc3 Be7 7. Be3 Nbd7 8. O-O
Nf8 9. Ne2 g5 10. Ng3 g4 11. hxg4 Nxg4 12. Bd2 Bh4 13. Nf5 Bxf5 14. exf5 Rg8
15. Qe2 Qe7 16. Rae1 O-O-O 17. Bxf7 Bxf2+ 18. Rxf2 Qxf7 19. Rff1 Qh5 20. d4 Nd7
21. dxe5 dxe5 22. Bc3 Rde8 23. Qc4 Qxf5 24. Nh4 Qh5 25. g3 Rg7 26. Kh1 Ngf6 27.
Rf5 Rg5 28. Ref1 Nb6 29. Qd3 Ng4 30. Qf3 e4 31. Rxg5 hxg5 32. Qf5+ Nd7 33. Rd1
Nge5 0-1

[Event "Mercredi 2016.11.16 ABCD"]
[Site "Montreal CAN"]
[Date "2016.12.07"]
[Round "4"]
[White "Lamarche, Michel"]
[Black "Beaulieu, Pierre"]
[Result "1-0"]
[WhiteElo "1906"]
[BlackElo "1901"]
[PlyCount "117"]
[EventDate "2016.11.16"]
[EventType "tourn"]
[EventRounds "5"]
[EventCountry "CAN"]

1. e4 g6 2. d4 Bg7 3. Nc3 d6 4. Be3 a6 5. Qd2 b5 6. Bd3 Nd7 7. a4 b4 8. Nce2 a5
9. Nf3 Bb7 10. c3 Ngf6 11. Ng3 bxc3 12. bxc3 Ng4 13. Bg5 h6 14. Bh4 O-O 15. O-O
Ba6 16. Ne2 Bxd3 17. Qxd3 g5 18. Bg3 e6 19. h3 Ngf6 20. e5 Nh5 21. exd6 Nxg3
22. Nxg3 cxd6 23. Rab1 Nf6 24. c4 Qc7 25. Rb5 Rfc8 26. Rc1 Nd7 27. Ne4 d5 28.
Nc5 Nb6 29. cxd5 Nxd5 30. Rcb1 Nb4 31. Qe4 Qc6 32. Qg4 Nd5 33. h4 f5 34. Qg3 g4
35. Ne5 Qd6 36. f4 gxf3 37. gxf3 Nc3 38. R1b2 Qxd4+ 39. Kh2 Nxb5 40. Rg2 Ra7
41. Nxe6 Rcc7 42. Nxd4 Nxd4 43. Qg6 Re7 44. Nc6 Re6 45. Qxe6+ Nxe6 46. Nxa7 Kf7
47. Nc6 Bc3 48. Rc2 Be1 49. Rc4 Kf6 50. Kg2 f4 51. Kh3 h5 52. Nd4 Ng7 53. Rc5
Bf2 54. Rd5 Be1 55. Rb5 Bf2 56. Ne2 Nf5 57. Nxf4 Bxh4 58. Nxh5+ Kg5 59. Rxf5+
1-0

[Event "Mercredi 2016.11.16 ABCD"]
[Site "Montreal CAN"]
[Date "2016.12.07"]
[Round "4"]
[White "Lebeau, Gilbert"]
[Black "Boudreau, Daniel"]
[Result "1-0"]
[WhiteElo "2071"]
[BlackElo "2157"]
[PlyCount "79"]
[EventDate "2016.11.16"]
[EventType "tourn"]
[EventRounds "5"]
[EventCountry "CAN"]

1. d4 d5 2. c4 c6 3. Nf3 Nf6 4. g3 dxc4 5. Bg2 b5 6. O-O e6 7. a4 Bb7 8. Nc3 b4
9. Nb1 c5 10. Qc2 Nbd7 11. Rd1 Rc8 12. Bg5 Qb6 13. a5 Qb5 14. Nbd2 Ba6 15. Ne4
b3 16. Qb1 Nxe4 17. Qxe4 h6 18. Be3 Be7 19. Qg4 g6 20. Ne5 Nxe5 21. dxe5 h5 22.
Qe4 O-O 23. Rd6 c3 24. Rxe6 fxe6 25. Qxg6+ Kh8 26. Be4 Rf5 27. Qh6+ Kg8 28.
Qxe6+ Rf7 29. Bd5 Rcf8 30. Qg6+ Kh8 31. Bxf7 Rxf7 32. Qxf7 cxb2 33. Rb1 Qb7 34.
Rxb2 c4 35. e6 Qd5 36. Qe8+ Kg7 37. Qxe7+ Kg8 38. Qf7+ Kh8 39. Qf6+ Kg8 40. Bd4
1-0

[Event "Mercredi 2016.11.16 ABCD"]
[Site "Montreal CAN"]
[Date "2016.12.07"]
[Round "4"]
[White "Lopez Linares, Lizandro"]
[Black "Soudre, Nicolas"]
[Result "1/2-1/2"]
[WhiteElo "2262"]
[BlackElo "2210"]
[PlyCount "37"]
[EventDate "2016.11.16"]
[EventType "tourn"]
[EventRounds "5"]
[EventCountry "CAN"]

1. d4 e6 2. Nf3 c5 3. e3 Nf6 4. Bd3 b6 5. O-O Bb7 6. Nbd2 d5 7. Ne5 Be7 8. c3
O-O 9. f4 Ne4 10. Qf3 f6 11. Ng4 f5 12. Ne5 Nd7 13. Qe2 Nxe5 14. dxe5 Qe8 15.
a4 a5 16. c4 Rd8 17. cxd5 Nxd2 18. Bxd2 Bxd5 19. Bc3 1/2-1/2

[Event "Mercredi 2016.11.16 ABCD"]
[Site "Montreal CAN"]
[Date "2016.12.07"]
[Round "4"]
[White "Nardone, Raul"]
[Black "Gauthier, Luc"]
[Result "1/2-1/2"]
[WhiteElo "1835"]
[BlackElo "1771"]
[PlyCount "87"]
[EventDate "2016.11.16"]
[EventType "tourn"]
[EventRounds "5"]
[EventCountry "CAN"]

1. d4 d5 2. Nf3 Nc6 3. c4 Bg4 4. cxd5 Bxf3 5. gxf3 Qxd5 6. e3 e5 7. Nc3 Bb4 8.
Bd2 Bxc3 9. bxc3 Qd6 10. Rb1 b6 11. Bb5 Nge7 12. Qa4 O-O 13. Bc1 Qg6 14. Ra1
Qg2 15. Rf1 Qxf3 16. Ba3 Rfd8 17. Rd1 exd4 18. cxd4 Qf6 19. Bd3 Nd5 20. Rc1 Na5
21. Qc2 Qh4 22. Be4 Nxe3 23. Qd3 Re8 24. Bxa8 Nc2+ 25. Kd2 Nxd4 26. Rce1 Rxa8
27. Kc1 Qf6 28. Kb1 c5 29. Re3 g6 30. f4 Nac6 31. Bb2 Rd8 32. Qe4 Qd6 33. h4 h5
34. f5 Nxf5 35. Rxf5 Qd1+ 36. Bc1 Nb4 37. Rg3 Kf8 38. Rxf7+ Kxf7 39. Rf3+ Kg7
40. Qe7+ Kh8 41. Rf8+ Rxf8 42. Qxf8+ Kh7 43. Qf7+ Kh8 44. Qf8+ 1/2-1/2

[Event "Mercredi 2016.11.16 ABCD"]
[Site "Montreal CAN"]
[Date "2016.12.07"]
[Round "4"]
[White "Singher, Jean-Pierre"]
[Black "Langlois-Remillard, Alexis"]
[Result "1/2-1/2"]
[WhiteElo "2021"]
[BlackElo "1972"]
[PlyCount "131"]
[EventDate "2016.11.16"]
[EventType "tourn"]
[EventRounds "5"]
[EventCountry "CAN"]

1. d4 d5 2. Nf3 Nf6 3. c4 e6 4. Nc3 c6 5. g3 Nbd7 6. Bg2 Bd6 7. O-O O-O 8. Nd2
Re8 9. e4 dxe4 10. Ndxe4 Bf8 11. Ng5 h6 12. Nf3 Nb6 13. b3 Bd7 14. a4 Bb4 15.
Na2 Bf8 16. a5 Nc8 17. Ne5 Qxa5 18. Qf3 Qd8 19. Nc3 Nd6 20. g4 Be7 21. h4 Rf8
22. Qh3 Nh7 23. c5 Ne8 24. h5 Nc7 25. f4 Nd5 26. Be4 Nxc3 27. Qxc3 Nf6 28. Bc2
Nd5 29. Qd3 f5 30. Bd2 Nf6 31. gxf5 exf5 32. Qc4+ Kh7 33. Rad1 Nxh5 34. Qe2 Ng3
35. Qg4 Nxf1 36. Qg6+ Kg8 37. Kxf1 Be8 38. Qe6+ Bf7 39. Nxf7 Rxf7 40. Bxf5 Qd5
41. Qxd5 cxd5 42. Be6 Kf8 43. Bxd5 Rf6 44. Bxb7 Rb8 45. c6 Bd6 46. Bb4 Bxb4 47.
c7 Rxf4+ 48. Kg2 Bd6 49. cxb8=Q+ Bxb8 50. Rf1 Ke7 51. Rxf4 Bxf4 52. Kf3 Bc1 53.
Ke4 Kd6 54. Bc8 Bb2 55. Bf5 a5 56. Bg6 Ba1 57. Kf5 Bxd4 58. Bf7 Bc3 59. Kg6 Kc5
60. Be6 Be5 61. Bd7 Kd4 62. Bc6 Bf6 63. Bb7 Ke5 64. Bf3 Kf4 65. Be2 Ke3 66. Bc4
1/2-1/2

[Event "Mercredi 2016.11.16 ABCD"]
[Site "Montreal CAN"]
[Date "2016.12.07"]
[Round "4"]
[White "Tremblay, Alain"]
[Black "Jacquet, Stephane"]
[Result "0-1"]
[WhiteElo "2174"]
[BlackElo "2157"]
[PlyCount "92"]
[EventDate "2016.11.16"]
[EventType "tourn"]
[EventRounds "5"]
[EventCountry "CAN"]

1. c4 e6 2. Nf3 d5 3. g3 Nf6 4. Bg2 Be7 5. O-O O-O 6. b3 Nbd7 7. Bb2 c6 8. e3
a5 9. Nc3 Rb8 10. cxd5 exd5 11. Rc1 Nc5 12. d4 Nce4 13. Ne2 Bd6 14. Ne5 Qe7 15.
Nf4 Bf5 16. Nfd3 Rbd8 17. Qe2 Nd7 18. f3 Nef6 19. Qd2 Rfe8 20. Rfe1 h5 21. Bc3
h4 22. g4 Bxd3 23. Nxd3 Nh7 24. f4 Nhf6 25. Nf2 b6 26. g5 Ne4 27. Nxe4 dxe4 28.
Qf2 Qe6 29. Qxh4 c5 30. Bh3 Qd5 31. Bxd7 Rxd7 32. Qg4 Red8 33. Red1 Bf8 34. Bb2
a4 35. f5 axb3 36. a3 g6 37. fxg6 fxg6 38. Rf1 Bg7 39. Rcd1 Rd6 40. h4 cxd4 41.
Rf4 Qe6 42. Qe2 dxe3 43. Rxd6 Qxd6 44. Qc4+ Qd5 45. Qxd5+ Rxd5 46. Bxg7 Rd1+
0-1

[Event "Mercredi 2016.11.16 ABCD"]
[Site "Montreal CAN"]
[Date "2016.12.14"]
[Round "5"]
[White "Beaulieu, Pierre"]
[Black "Zumsteg, Nicolas"]
[Result "1-0"]
[WhiteElo "1901"]
[BlackElo "1848"]
[PlyCount "89"]
[EventDate "2016.11.16"]
[EventType "tourn"]
[EventRounds "5"]
[EventCountry "CAN"]

1. g3 Nf6 2. Bg2 g6 3. e4 d6 4. Ne2 Bg7 5. O-O c5 6. d3 O-O 7. Nd2 Nc6 8. a4
Rb8 9. Nf4 a6 10. Re1 Nd7 11. Nc4 Nde5 12. c3 b5 13. axb5 axb5 14. Ne3 b4 15.
Ne2 bxc3 16. bxc3 Be6 17. Ra3 Qb6 18. Nd5 Bxd5 19. exd5 Na5 20. Nf4 Bf6 21. Re2
Qc7 22. Rea2 Nb7 23. Be3 c4 24. d4 Nd7 25. Qa4 Nb6 26. Qc6 Rfc8 27. Qxc7 Rxc7
28. Ra7 Nc8 29. Ra8 Rxa8 30. Rxa8 Kg7 31. Bh3 Nb6 32. Ra6 Nc8 33. Rc6 Rxc6 34.
dxc6 Na5 35. Bxc8 Nxc6 36. Ba6 e5 37. dxe5 Nxe5 38. Nd5 Bd8 39. Bd4 f6 40. Kg2
Nc6 41. Bb6 Bxb6 42. Nxb6 Kf7 43. Bxc4+ Kg7 44. Nc8 Ne5 45. Nxd6 1-0

[Event "Mercredi 2016.11.16 ABCD"]
[Site "Montreal CAN"]
[Date "2016.12.14"]
[Round "5"]
[White "Boudreau, Daniel"]
[Black "Tremblay, Alain"]
[Result "1/2-1/2"]
[WhiteElo "2157"]
[BlackElo "2174"]
[PlyCount "125"]
[EventDate "2016.11.16"]
[EventType "tourn"]
[EventRounds "5"]
[EventCountry "CAN"]

1. e4 g6 2. d4 Bg7 3. Nc3 d6 4. Bc4 Nc6 5. Nge2 Nf6 6. Bg5 Nxe4 7. Bxf7+ Kxf7
8. Nxe4 Rf8 9. Qd2 d5 10. N4g3 Kg8 11. h4 h5 12. c3 Qd6 13. f4 Bg4 14. O-O-O a5
15. Rde1 a4 16. f5 a3 17. b3 e5 18. fxe6 Bxe6 19. Bf4 Qd7 20. Ng1 Bg4 21. Nh3
Bxh3 22. Rxh3 Qg4 23. Bg5 Rae8 24. Rxe8 Rxe8 25. Qd1 Qe6 26. Rh1 b5 27. b4 Kh7
28. Qd3 Qg4 29. Bd2 Re6 30. Rf1 Rf6 31. Rxf6 Bxf6 32. Qf3 Qxf3 33. gxf3 Bxh4
34. Bf4 Bd8 35. Kd1 g5 36. Bc1 h4 37. Nf1 Be7 38. Ke2 Kg6 39. Kf2 Bd6 40. Kg2
Ne7 41. Kh3 Ng8 42. f4 Bxf4 43. Bxf4 gxf4 44. Kg4 Nh6+ 45. Kxf4 Kf6 46. Ne3 Ke6
47. Kg5 Ng8 48. Kxh4 Nf6 49. Nc2 Ne4 50. Nxa3 Nxc3 51. Nc2 Kf5 52. Kg3 Ke4 53.
a3 Kd3 54. Ne1+ Kc4 55. Kf4 c6 56. Ke5 Ne2 57. Kd6 Nxd4 58. Ng2 Kc3 59. Kc5 Kb3
60. Kxd4 Kxa3 61. Kc5 Kb3 62. Kxc6 Kxb4 63. Kxd5 1/2-1/2

[Event "Mercredi 2016.11.16 ABCD"]
[Site "Montreal CAN"]
[Date "2016.12.14"]
[Round "5"]
[White "Destree, Frederic"]
[Black "Esterez, Emmanuel"]
[Result "1/2-1/2"]
[WhiteElo "1910"]
[BlackElo "1874"]
[PlyCount "57"]
[EventDate "2016.11.16"]
[EventType "tourn"]
[EventRounds "5"]
[EventCountry "CAN"]

1. Nf3 Nf6 2. b4 g6 3. Bb2 Bg7 4. c4 d6 5. g3 O-O 6. Bg2 e5 7. O-O Re8 8. Nc3
Nc6 9. a3 e4 10. Ng5 h6 11. Nh3 g5 12. f4 exf3 13. exf3 Bf5 14. Nf2 d5 15. Nxd5
Nxd5 16. Bxg7 Kxg7 17. cxd5 Qxd5 18. f4 Qd4 19. fxg5 hxg5 20. Qh5 f6 21. Qf3
Re5 22. Rac1 Rae8 23. Qc3 Qxc3 24. Rxc3 R8e6 25. d4 Nxd4 26. Rxc7+ Re7 27. Rxb7
Rxb7 28. Bxb7 Nc2 29. Nd1 1/2-1/2

[Event "Mercredi 2016.11.16 ABCD"]
[Site "Montreal CAN"]
[Date "2016.12.14"]
[Round "5"]
[White "Dumouchel, Alain"]
[Black "Nardone, Raul"]
[Result "0-1"]
[WhiteElo "1783"]
[BlackElo "1835"]
[PlyCount "92"]
[EventDate "2016.11.16"]
[EventType "tourn"]
[EventRounds "5"]
[EventCountry "CAN"]

1. Nf3 d5 2. g3 Nf6 3. Bg2 Bg4 4. c4 e6 5. d4 c6 6. O-O Be7 7. Nc3 O-O 8. Ne5
Bh5 9. Rb1 Nbd7 10. b4 Nxe5 11. dxe5 Nd7 12. f4 a5 13. b5 Bb4 14. Na4 cxb5 15.
a3 bxa4 16. axb4 Bg6 17. Ra1 axb4 18. Rxa4 Qb6+ 19. Kh1 Rxa4 20. Qxa4 Nc5 21.
Qb5 Qxb5 22. cxb5 Nb3 23. Be3 Rc8 24. f5 Bxf5 25. Rxf5 exf5 26. Bxd5 Na5 27. e6
Kf8 28. exf7 b3 29. Bd2 b6 30. Bb4+ Rc5 31. Kg2 b2 32. Bxc5+ bxc5 33. Ba2 c4
34. Kf3 Kxf7 35. b6 Ke7 36. Ke3 Kd6 37. Kd4 Kc6 38. Kc3 Kxb6 39. Kxb2 Kc5 40.
Kc3 Nb3 41. Bb1 Nd4 42. e4 Nb5+ 43. Kd2 Na3 44. Ba2 fxe4 45. Ke3 Kd5 46. g4 Ke5
0-1

[Event "Mercredi 2016.11.16 ABCD"]
[Site "Montreal CAN"]
[Date "2016.12.05"]
[Round "5"]
[White "Gauthier, Luc"]
[Black "Brassard, Sylvain"]
[Result "1/2-1/2"]
[WhiteElo "1771"]
[BlackElo "1824"]
[PlyCount "59"]
[EventDate "2016.11.16"]
[EventType "tourn"]
[EventRounds "5"]
[EventCountry "CAN"]

1. e4 Nf6 2. e5 Nd5 3. Nc3 e6 4. Nxd5 exd5 5. Qf3 c6 6. d4 d6 7. Bf4 dxe5 8.
dxe5 g6 9. Bd3 Bg7 10. Ne2 O-O 11. O-O-O Nd7 12. Qg3 Qe7 13. Rhe1 Nxe5 14. Nd4
Nxd3+ 15. Qxd3 Be6 16. Qe3 Qd7 17. Bh6 Rfe8 18. Bxg7 Kxg7 19. Qe5+ Kg8 20. Qf6
Qd8 21. Qf4 Kg7 22. Qe5+ Qf6 23. Qg3 Bd7 24. Nf3 Rad8 25. Ne5 Qd6 26. Qh4 f6
27. Nf7 Kxf7 28. Qxh7+ Kf8 29. Qh8+ Kf7 30. Qh7+ 1/2-1/2

[Event "Mercredi 2016.11.16 ABCD"]
[Site "Montreal CAN"]
[Date "2016.12.14"]
[Round "5"]
[White "Jacquet, Stephane"]
[Black "Lopez Linares, Lizandro"]
[Result "0-1"]
[WhiteElo "2157"]
[BlackElo "2262"]
[PlyCount "78"]
[EventDate "2016.11.16"]
[EventType "tourn"]
[EventRounds "5"]
[EventCountry "CAN"]

1. d4 d5 2. c4 c6 3. Nc3 Nf6 4. Nf3 dxc4 5. a4 Bf5 6. e3 e6 7. Bxc4 Bb4 8. O-O
O-O 9. Qe2 Bg4 10. Rd1 Nbd7 11. e4 Bh5 12. Bg5 Qa5 13. e5 Nd5 14. Ne4 Rae8 15.
Ng3 Bg6 16. h4 h6 17. Bd2 Bxd2 18. Nxd2 Qb4 19. Nde4 f6 20. Nd6 fxe5 21. Bxd5
Qxd6 22. dxe5 Qe7 23. Bf3 Nb6 24. h5 Bh7 25. Ne4 Bxe4 26. Bxe4 Nd5 27. Ra3 Nf4
28. Qg4 Qg5 29. Qxg5 hxg5 30. Rb3 Re7 31. a5 a6 32. Rd6 g4 33. Rb6 g5 34. hxg6
Ne2+ 35. Kh2 Kg7 36. g3 Rxf2+ 37. Bg2 Kxg6 38. Rxb7 Rxb7 39. Rxe6+ Kg5 0-1

[Event "Mercredi 2016.11.16 ABCD"]
[Site "Montreal CAN"]
[Date "2016.12.14"]
[Round "5"]
[White "Langlois-Remillard, Alexis"]
[Black "Johnson-Constantin, Matthieu"]
[Result "0-1"]
[WhiteElo "1972"]
[BlackElo "1914"]
[PlyCount "100"]
[EventDate "2016.11.16"]
[EventType "tourn"]
[EventRounds "5"]
[EventCountry "CAN"]

1. b3 f5 2. Bb2 e6 3. e4 Nf6 4. exf5 exf5 5. Qe2+ Qe7 6. Bxf6 gxf6 7. Nc3 c6 8.
O-O-O d5 9. Qh5+ Qf7 10. Re1+ Be7 11. Qxf7+ Kxf7 12. Nh3 Nd7 13. d4 Nf8 14. Nf4
Rg8 15. Be2 Bd6 16. Bh5+ Ng6 17. Nd3 b6 18. Bf3 Be6 19. h4 Rae8 20. g3 Re7 21.
h5 Nh8 22. b4 b5 23. a4 bxa4 24. b5 cxb5 25. Nxb5 Bb8 26. Nc5 Rd8 27. Nc3 Bc8
28. Nxd5 Rxe1+ 29. Rxe1 Bd6 30. Nxa4 Bb7 31. c4 Rc8 32. c5 Bf8 33. Kd2 Rd8 34.
Nac3 Kg7 35. Kd3 Nf7 36. Kc4 Ng5 37. Bh1 Kf7 38. f4 Ne6 39. Rd1 Ba6+ 40. Kb4
Rb8+ 41. Ka5 Bc4 42. Ne3 Bb3 43. Rd3 Be7 44. Bd5 Bd8+ 45. Ka6 Rb4 46. Bxe6+
Bxe6 47. d5 Bc8+ 48. Kxa7 Bc7 49. d6 Bb8+ 50. Ka8 Bd7 0-1

[Event "Mercredi 2016.11.16 ABCD"]
[Site "Montreal CAN"]
[Date "2016.12.14"]
[Round "5"]
[White "Lessard, Sylvain"]
[Black "Fortin-Lavoie, Patrice"]
[Result "0-1"]
[WhiteElo "1785"]
[BlackElo "1783"]
[PlyCount "80"]
[EventDate "2016.11.16"]
[EventType "tourn"]
[EventRounds "5"]
[EventCountry "CAN"]

1. c4 c5 2. g3 Nc6 3. Bg2 Nf6 4. Nc3 e6 5. e4 a6 6. Nge2 Be7 7. O-O O-O 8. d4
cxd4 9. Nxd4 Ne5 10. b3 Qa5 11. Bb2 Rb8 12. Qe2 d6 13. Kh1 Bd7 14. f4 Nc6 15.
Rad1 b5 16. e5 Nxd4 17. Rxd4 Ne8 18. Ne4 bxc4 19. exd6 Bf6 20. Nxf6+ Nxf6 21.
bxc4 Qxa2 22. Rd2 Qa5 23. Qd3 Rfc8 24. Ra1 Qc5 25. Bxf6 gxf6 26. Qd4 Qxc4 27.
Qxf6 Rb6 28. Rad1 Qb5 29. Qe7 a5 30. Qg5+ Qxg5 31. fxg5 a4 32. Ra1 Rcb8 33. Be4
Kg7 34. Kg2 Rb2 35. Rxb2 Rxb2+ 36. Kh3 Rd2 37. Ra3 Rxd6 38. g4 Rd4 39. Bc2 e5
40. Kg3 Rxg4+ 0-1

[Event "Mercredi 2016.11.16 ABCD"]
[Site "Montreal CAN"]
[Date "2016.12.14"]
[Round "5"]
[White "Nunez, Omar"]
[Black "Singher, Jean-Pierre"]
[Result "0-1"]
[WhiteElo "1940"]
[BlackElo "2021"]
[PlyCount "64"]
[EventDate "2016.11.16"]
[EventType "tourn"]
[EventRounds "5"]
[EventCountry "CAN"]

1. e4 e6 2. d3 d5 3. Nd2 Nf6 4. Ngf3 c5 5. g3 Nc6 6. Bg2 Be7 7. O-O b6 8. Re1
Bb7 9. e5 Nd7 10. Nf1 Qc7 11. Bf4 h6 12. h4 g5 13. hxg5 hxg5 14. Nxg5 Ncxe5 15.
c3 d4 16. cxd4 Bxg2 17. Kxg2 Qb7+ 18. Nf3 Ng6 19. Be3 O-O-O 20. dxc5 Bxc5 21.
Bxc5 Nxc5 22. d4 Kb8 23. b4 Rdg8 24. d5 Nd3 25. Re4 Qxd5 26. Rd4 Ndf4+ 27. Kg1
Nh3+ 28. Kg2 Ngf4+ 29. Rxf4 Nxf4+ 30. Kg1 Nd3 31. Ne3 Qh5 32. Kf1 Rd8 0-1

[Event "Mercredi 2016.11.16 ABCD"]
[Site "Montreal CAN"]
[Date "2016.12.14"]
[Round "5"]
[White "Robidoux, Julien"]
[Black "Lamarche, Michel"]
[Result "1-0"]
[WhiteElo "1895"]
[BlackElo "1906"]
[PlyCount "54"]
[EventDate "2016.11.16"]
[EventType "tourn"]
[EventRounds "5"]
[EventCountry "CAN"]

1. e3 c5 2. b3 e5 3. Bb2 Nc6 4. Be2 Nf6 5. d3 d5 6. g4 Be6 7. Nd2 Bd6 8. Bf3
Nd7 9. Ne2 Qh4 10. Ng3 Ne7 11. c4 O-O 12. cxd5 Nxd5 13. Bxd5 Bxd5 14. e4 Be6
15. Nc4 Bxg4 16. f3 Bc7 17. fxg4 b5 18. Ne3 Ba5+ 19. Kf2 g6 20. Kg2 Bd8 21. Rf1
Bg5 22. Nd5 f6 23. Bc1 Rf7 24. Bxg5 Qxg5 25. Rc1 h5 26. gxh5 f5 27. hxg6 Qxg6
1-0

[Event "Mercredi 2016.11.16 ABCD"]
[Site "Montreal CAN"]
[Date "2016.12.14"]
[Round "5"]
[White "Soudre, Nicolas"]
[Black "Lebeau, Gilbert"]
[Result "1-0"]
[WhiteElo "2210"]
[BlackElo "2071"]
[PlyCount "87"]
[EventDate "2016.11.16"]
[EventType "tourn"]
[EventRounds "5"]
[EventCountry "CAN"]

1. e4 e6 2. d4 d5 3. Nc3 Nf6 4. e5 Nfd7 5. f4 c5 6. Nf3 Nc6 7. Be3 a6 8. Qd2 b5
9. dxc5 Bxc5 10. Bxc5 Nxc5 11. Qf2 Qb6 12. Bd3 Bd7 13. O-O b4 14. Ne2 Na4 15.
b3 Qxf2+ 16. Kxf2 Nb6 17. Ned4 g6 18. a3 a5 19. Nxc6 Bxc6 20. axb4 a4 21. bxa4
Bxa4 22. Ra3 Rc8 23. Nd4 O-O 24. Rfa1 Bd7 25. Ra7 Rb8 26. Rc7 Rfc8 27. Raa7
Rxc7 28. Rxc7 Kf8 29. Ra7 Ke8 30. Nb5 Bxb5 31. Bxb5+ Kf8 32. Bc6 Nc8 33. Rb7
Rxb7 34. Bxb7 Nb6 35. Ke3 Ke7 36. Bc6 f6 37. Kd4 fxe5+ 38. fxe5 Nc4 39. Bb5 Na3
40. Bd3 Kd7 41. Kc5 Nb1 42. b5 Nc3 43. b6 Nd1 44. Bb5+ 1-0